Dědic z Kalkaty /
Uložené v:
| Hlavný autor: | |
|---|---|
| Ďalší autori: | , , |
| Médium: | Kniha |
| Jazyk: | Czech Russian |
| Vydané: |
Praha :
Lidové nakladatelství,
1970
|
| Vydanie: | 1. vyd. |
| Edícia: | Lidová knihovna
sv. 17 |
| ISBN: |
(brož.) |
| Fyzický popis: |
258, [3] s. |
| Tagy: |
Pridať tag
Žiadne tagy, Buďte prvý kto otaguje tento záznam!
|
Titul je dostupný aj v ... 

MARC
| LEADER | 00000nam a22000001 4500 | ||
|---|---|---|---|
| 001 | 000404021 | ||
| 005 | 20120929202225.0 | ||
| 008 | 970512s1970 xr cze d | ||
| 020 | |a (brož.) |c Kčs 12,00 | ||
| 040 | |a SVKKK |b slo |c SVKKK |e AACR2 | ||
| 041 | 1 | |a cze |h rus | |
| 044 | |a xr |c CZ | ||
| 100 | 1 | |a Štil´mark, Robert Ivanovič |4 aut | |
| 245 | 1 | 0 | |a Dědic z Kalkaty / |c Robert Ivanovič Štil´mark ; z rus. orig. Naslednik iz Kalkuty přel. Libuše Kozáková. |
| 250 | |a 1. vyd. | ||
| 260 | |a Praha : |b Lidové nakladatelství, |c 1970 |e (Brno : |f Tisk 1) | ||
| 300 | |a 258, [3] s. | ||
| 366 | |e 30000 výtl. | ||
| 490 | 1 | |a Lidová knihovna |v sv. 17 | |
| 500 | |a Pozn. o autorovi | ||
| 500 | |a Obálku s použitím fareb. kresby Adolfa Borna navrhol Pavel Teimer | ||
| 700 | 1 | |a Barbaš, Jiří, |d 1930- |4 edt | |
| 700 | 1 | |a Kozáková, Libuše, |d 1935- |4 trl | |
| 700 | 1 | |a Teimer, Pavel, |d 1935-1970 |4 bjd | |
| 830 | 0 | |a Lidová knihovna |v sv. 17 | |
| 910 | |a svkkk | ||
| 998 | |a BK | ||
| 090 | |g SCKHL |k Sklad Hlavná 10 suterén |a I.37463 |j 429645 |i 2720635744 |s Absenčne | ||